000 00649nam a2200241 a 4500
003 AR-BaBNM
005 20251128203624.0
008 082120s2002 ||||||||||||||000 | spa||
040 _cAR-BaBNM
245 0 0 _aNueva geografía Marín
_bel universo. 1
260 _aBarcelona
_bMarín
_c1964
300 _a511 p.
_bil., láms., mapas
500 _aIndice alfabético p. 509-511
650 4 _aCOSMOLOGIA
650 4 _aNATURALEZA Y ORIGEN DEL UNIVERSO
650 4 _aUNIVERSO
650 4 _aCIENCIAS ESPACIALES
650 4 _aASTRONOMIA
653 _aCOSMOGRAFIA
700 1 _aMarín Correa, Manuel
_edirector
942 _cBK
998 _cMariana
999 _c4185
_d4185